[Event "FIDE Grand Swiss 2019"]
[Site "Douglas"]
[Date "10.10.2019"]
[Round "1.6"]
[White "Abasov, Nijat"]
[Black "Karjakin, Sergey"]
[Result "1/2-1/2"]
[WhiteTitle "GM"]
[BlackTitle "GM"]
[WhiteElo "2632"]
[BlackElo "2760"]
[WhiteFideId "13402960"]
[BlackFideId "14109603"]
[EventDate "2019.10.10"]

1. c4 Nf6 2. g3 e6 3. Bg2 d5 4. d4 Bb4+ 5. Nd2 O-O 6. Nf3 dxc4 7. a3 Bxd2+ 8.
Bxd2 Nc6 9. e3 b5 10. b3 Bb7 11. a4 cxb3 12. Qxb3 b4 13. a5 Rb8 14. O-O Ba8 15.
Rfc1 Rb5 16. a6 Rb6 17. Be1 Nb8 18. Ra5 Bd5 19. Qb2 Nc6 20. Raa1 Qa8 21. Nh4
Bxg2 22. Nxg2 Re8 23. Qb3 e5 24. d5 Ne7 25. e4 Nxe4 26. Ne3 Rc8 27. h4 Rb5 28.
Rc4 Nf6 29. Rxb4 Rxb4 30. Bxb4 Nexd5 31. Bc5 Rb8 32. Qd3 Rd8 33. Qb3 Rb8 34. Qd3
c6 35. Nf5 Rd8 36. Rb1 e4 37. Qb3 Qc8 38. Ne7+ Nxe7 39. Bxe7 Re8 40. Bxf6 gxf6
41. Qb7 e3 42. Qxc8 Rxc8 43. fxe3 c5 44. Kf2 Rc6 45. Rb7 Rxa6 46. Rc7 Ra5 47.
Kf3 h5 48. e4 Kg7 49. Ke3 Kg6 50. Kf4 Kg7 51. Kf3 Kf8 52. Ke3 a6 53. Rc6 Kg7 54.
Kf3 Kg6 55. Kf4 Kg7 56. Kf3 Ra3+ 57. Kf4 Rc3 58. Rxa6 c4 59. Ra5 Kg6 60. Rc5 Rc1
61. Kf3 c3 62. Kg2 Kh6 63. Rf5 Kg6 64. Rc5 c2 65. Rc6 Kh7 66. Rc7 Kg8 67. Rc8+
Kg7 68. Kh2 f5 69. e5 f6 70. e6 Re1 71. Rxc2 Rxe6 72. Kg2 Re3 73. Rc5 Kg6 74.
Rb5 Re5 75. Rb8 Re4 76. Kf3 Rg4 77. Rg8+ Kh7 78. Ra8 Kg7 79. Rb8 f4 80. gxf4
Rxh4 81. Ke4 Rh1 82. Kf5 h4 83. Rb7+ Kh6 84. Kxf6 h3 85. f5 h2 86. Rb2 Kh5 87.
Kf7 Kg4 88. f6 Kg3 89. Rb3+ Kg4 90. Rb2 1/2-1/2

[Event "FIDE Grand Swiss 2019"]
[Site "Douglas"]
[Date "10.10.2019"]
[Round "1.24"]
[White "Jobava, Baadur"]
[Black "Howell, David W L"]
[Result "1-0"]
[WhiteTitle "GM"]
[BlackTitle "GM"]
[WhiteElo "2617"]
[BlackElo "2694"]
[WhiteFideId "13601520"]
[BlackFideId "410608"]
[EventDate "2019.10.10"]

1. b3 d5 2. Bb2 Bf5 3. e3 e6 4. h3 h6 5. Nc3 Nf6 6. d4 c5 7. Nf3 Nc6 8. Bb5 Rc8
9. O-O a6 10. Bxc6+ Rxc6 11. a4 Bh7 12. Ne5 Rc8 13. a5 Be7 14. Na4 cxd4 15. Qxd4
Rxc2 16. Rfc1 O-O 17. b4 Qe8 18. Rxc2 Bxc2 19. Nc5 Qb5 20. Rc1 Bh7 21. Ncd7 Rd8
22. Rc7 Ne8 23. Nxf7 Rxd7 24. Nxh6+ Kf8 25. Qf4+ Nf6 26. Rc8+ Rd8 27. Rc7 Rd7
28. Rc8+ Rd8 29. Rc7 Qd3 30. Bd4 Qb1+ 31. Kh2 Qe4 32. Qg3 Nh5 33. Bxg7+ Ke8 34.
Rxe7+ Kxe7 35. Qg5+ Kd7 36. Qxh5 Bg6 37. Qg5 Kc8 38. Be5 Be8 39. Bd4 Qh7 40. Ng4
Bc6 41. Qe5 Qf7 42. Ba7 Qe7 43. Bc5 Qf7 44. Nf6 Rh8 45. g4 Qg7 46. Ba7 Qc7 47.
Qxc7+ Kxc7 48. Bd4 Kd6 49. Ne4+ dxe4 50. Bxh8 e5 51. Kg3 Ke6 52. h4 Ba4 53. h5
Bb5 54. Kh4 1-0

[Event "FIDE Grand Swiss 2019"]
[Site "Douglas"]
[Date "10.10.2019"]
[Round "1.25"]
[White "Vallejo Pons, Francisco"]
[Black "Deac, Bogdan-Daniel"]
[Result "1/2-1/2"]
[WhiteTitle "GM"]
[BlackTitle "GM"]
[WhiteElo "2694"]
[BlackElo "2613"]
[WhiteFideId "2205530"]
[BlackFideId "1226380"]
[EventDate "2019.10.10"]

1. e4 e5 2. Nf3 Nf6 3. Nxe5 d6 4. Nf3 Nxe4 5. Bd3 Nf6 6. O-O Be7 7. c3 O-O 8. h3
d5 9. Bc2 Re8 10. d4 Bd6 11. Bg5 Nbd7 12. Re1 Rxe1+ 13. Qxe1 Nf8 14. Ne5 Qe8 15.
Nd2 N6d7 16. Nd3 Qxe1+ 17. Rxe1 Ne6 18. Be3 g6 19. Nf3 c6 20. Nfe5 f6 21. Ng4 f5
22. Bd2 fxg4 23. Rxe6 Bf8 24. hxg4 Nb6 25. Re2 Bxg4 26. f3 Bf5 27. g4 Bxd3 28.
Bxd3 Nc4 29. Bf4 Bd6 30. Bh6 Kf7 31. b3 Nb6 32. f4 Re8 33. Rxe8 Kxe8 34. f5 Kf7
35. Kf2 Be7 36. Bf4 g5 37. Bb8 a6 38. f6 Nd7 39. fxe7 1/2-1/2

[Event "FIDE Grand Swiss 2019"]
[Site "Douglas"]
[Date "10.10.2019"]
[Round "1.27"]
[White "Grandelius, Nils"]
[Black "Narayanan, S.L."]
[Result "1/2-1/2"]
[WhiteTitle "GM"]
[BlackTitle "GM"]
[WhiteElo "2691"]
[BlackElo "2611"]
[WhiteFideId "1710400"]
[BlackFideId "5058422"]
[EventDate "2019.10.10"]

1. e4 c5 2. Nf3 d6 3. Bb5+ Nd7 4. d4 cxd4 5. Qxd4 a6 6. Bxd7+ Bxd7 7. Nc3 e5 8.
Qd3 Rc8 9. O-O Be6 10. Rd1 Qc7 11. Nd2 b5 12. a3 Nf6 13. Nf1 Qc4 14. Ne3 Qxd3
15. Rxd3 Be7 16. Bd2 h6 17. Be1 g6 18. f3 O-O 19. Bh4 g5 20. Be1 Rfd8 21. Rad1
Kh7 22. Ne2 Bc4 23. R3d2 d5 24. Nxd5 Nxd5 25. exd5 g4 26. f4 Bc5+ 27. Bf2 Bxe2
28. Rxe2 exf4 29. Bxc5 Rxc5 30. d6 Rd7 31. Kf1 Rc6 32. Re7 Rdxd6 33. Rxd6 Rxd6
34. Rxf7+ Kg6 35. Rxf4 Kg5 36. Re4 Rd2 37. Re2 Rd1+ 38. Re1 Rd2 39. Re2 Rd1+ 40.
Kf2 h5 41. g3 Rb1 42. b3 h4 43. Re5+ Kf6 44. Rc5 h3 45. Ke3 Rf1 46. a4 Rf3+ 47.
Ke2 bxa4 48. bxa4 Kg6 49. Rc6+ Kg5 50. Rc5+ Kg6 51. Rc4 Kg5 52. Rf4 Ra3 53. Kd2
a5 54. Re4 Kf5 55. Rf4+ Kg5 56. Re4 Kf5 57. Rd4 Rf3 58. Ke2 Rc3 59. Rf4+ Kg5 60.
Kd1 Re3 61. Kd2 1/2-1/2

[Event "FIDE Grand Swiss 2019"]
[Site "Douglas"]
[Date "10.10.2019"]
[Round "1.28"]
[White "Nihal, Sarin"]
[Black "Sargissian, Gabriel"]
[Result "1/2-1/2"]
[WhiteTitle "GM"]
[BlackTitle "GM"]
[WhiteElo "2610"]
[BlackElo "2690"]
[WhiteFideId "25092340"]
[BlackFideId "13300881"]
[EventDate "2019.10.10"]

1. e4 e5 2. Nf3 Nc6 3. Bb5 a6 4. Ba4 Nf6 5. O-O Be7 6. Re1 b5 7. Bb3 O-O 8. c3
d5 9. exd5 Nxd5 10. Nxe5 Nxe5 11. Rxe5 c6 12. d3 Bd6 13. Re1 Bf5 14. Qf3 Qh4 15.
g3 Qh3 16. Be3 Bxd3 17. Nd2 Bf5 18. Bd4 Rfe8 19. Bxd5 cxd5 20. Qxd5 Bf8 21. a3
Be6 22. Qg2 Qf5 23. f3 Bd5 24. Qf2 Bc6 25. b4 h5 26. Rxe8 Rxe8 27. Re1 Rxe1+ 28.
Qxe1 Bxf3 29. Nxf3 Qxf3 30. Qe8 h4 1/2-1/2

[Event "FIDE Grand Swiss 2019"]
[Site "Douglas"]
[Date "10.10.2019"]
[Round "1.29"]
[White "Jones, Gawain C B"]
[Black "Abdusattorov, Nodirbek"]
[Result "0-1"]
[WhiteTitle "GM"]
[BlackTitle "GM"]
[WhiteElo "2688"]
[BlackElo "2608"]
[WhiteFideId "409561"]
[BlackFideId "14204118"]
[EventDate "2019.10.10"]

1. e4 c5 2. Nc3 d6 3. f4 g6 4. Nf3 Bg7 5. d4 cxd4 6. Nxd4 Nc6 7. Be3 Nf6 8. Be2
O-O 9. Nb3 e5 10. O-O exf4 11. Bxf4 Re8 12. Qxd6 Qxd6 13. Bxd6 Nxe4 14. Nxe4
Rxe4 15. Bf3 Re6 16. Ba3 Re8 17. Rad1 Ne5 18. Bd5 Bg4 19. Rd4 Be6 20. Bxb7 Bxb3
21. Bxa8 Nf3+ 22. Bxf3 Bxd4+ 23. Kh1 Bxc2 24. Bd5 Bf5 25. h3 h5 26. Bxf7+ Kxf7
27. g4 Kf6 28. gxf5 gxf5 29. Rd1 Bb6 30. Bb4 Kg5 31. Re1 Rc8 32. Bd2+ Kh4 33.
Be3 Kxh3 34. Bxb6 axb6 35. Re3+ Kg4 36. Rb3 Rc6 37. a4 f4 38. Kh2 h4 39. Rb5 h3
40. a5 Rc2+ 41. Kg1 f3 42. Rxb6 h2+ 43. Kh1 Rc1+ 44. Kxh2 f2 45. Rg6+ Kf5 0-1

[Event "FIDE Grand Swiss 2019"]
[Site "Douglas"]
[Date "10.10.2019"]
[Round "1.32"]
[White "Lu, Shanglei"]
[Black "Ragger, Markus"]
[Result "1/2-1/2"]
[WhiteTitle "GM"]
[BlackTitle "GM"]
[WhiteElo "2602"]
[BlackElo "2684"]
[WhiteFideId "8603332"]
[BlackFideId "1610856"]
[EventDate "2019.10.10"]

1. e4 e5 2. Nf3 Nc6 3. Bc4 Nf6 4. Ng5 d5 5. exd5 Na5 6. Bb5+ c6 7. dxc6 bxc6 8.
Bd3 Nd5 9. h4 Qc7 10. Nc3 h6 11. Nxd5 cxd5 12. Qh5 g6 13. Bxg6 hxg5 14. Bxf7+
Qxf7 15. Qxh8 Nc6 16. hxg5 Bf5 17. d3 Kd7 18. Qf6 Qxf6 19. gxf6 e4 20. dxe4 Bxe4
21. c3 Bxg2 22. Rh8 Bf3 23. f7 Rc8 24. Bh6 Bxh6 25. Rxh6 Ne5 26. Ra6 Nxf7 27.
Rxa7+ Ke6 28. Kd2 Ne5 29. Rg1 Rh8 30. b3 Kf5 31. a4 Be4 32. Ke2 Bf3+ 33. Ke3 Rc8
34. Kd2 Be4 35. Rg3 Kf4 36. a5 d4 37. cxd4 Nf3+ 38. Rxf3+ Bxf3 39. b4 Ke4 40.
Rd7 Rc4 41. b5 Bg4 42. Rd8 Rxd4+ 43. Rxd4+ Kxd4 44. f4 Bd7 45. b6 Bc8 46. Kc2
Ke4 47. Kc3 Kxf4 48. Kd4 Bb7 49. a6 Bxa6 50. b7 Bxb7 1/2-1/2

[Event "FIDE Grand Swiss 2019"]
[Site "Douglas"]
[Date "10.10.2019"]
[Round "1.33"]
[White "Rodshtein, Maxim"]
[Black "Paravyan, David"]
[Result "1/2-1/2"]
[WhiteTitle "GM"]
[BlackTitle "GM"]
[WhiteElo "2684"]
[BlackElo "2602"]
[WhiteFideId "2806851"]
[BlackFideId "4194985"]
[EventDate "2019.10.10"]

1. c4 c5 2. Nc3 g6 3. g3 Bg7 4. Bg2 Nc6 5. a3 Nf6 6. Rb1 a5 7. d3 O-O 8. h4 e6
9. Nh3 h6 10. Nf4 d6 11. Bd2 Bd7 12. b3 Rb8 13. e3 Na7 14. O-O b5 15. a4 bxa4
16. bxa4 Rxb1 17. Qxb1 Nc6 18. Nb5 e5 19. Ne2 Nb4 20. Nec3 Be6 21. Rd1 Bg4 22.
Rc1 Qe7 23. Be1 Kh8 24. Ne4 Nxe4 25. dxe4 h5 26. Qb3 Rd8 27. Kh2 g5 28. f3 Be6
29. hxg5 Qxg5 30. Rd1 Qe7 31. Bh3 Bxh3 32. Kxh3 Qf6 33. Kg2 Bh6 34. Bxb4 cxb4
35. Rh1 Qg5 36. Kf2 f5 37. exf5 Qxf5 38. e4 Qg5 39. Qd3 b3 40. Nxd6 Kh7 41. c5
b2 42. f4 exf4 43. e5+ Kg7 44. g4 f3 45. Qd4 Qf4 46. Nf5+ Qxf5 47. Qxd8 Qc2+ 48.
Kxf3 Qb3+ 49. Kg2 Qb7+ 50. Kf2 Qxh1 51. Qf6+ Kh7 52. Qf5+ Kh8 53. Qc8+ Kg7 54.
Qd7+ Kh8 1/2-1/2

[Event "FIDE Grand Swiss 2019"]
[Site "Douglas"]
[Date "10.10.2019"]
[Round "1.34"]
[White "Yilmaz, Mustafa"]
[Black "McShane, Luke J"]
[Result "1/2-1/2"]
[WhiteTitle "GM"]
[BlackTitle "GM"]
[WhiteElo "2595"]
[BlackElo "2682"]
[WhiteFideId "6302718"]
[BlackFideId "404853"]
[EventDate "2019.10.10"]

1. d4 Nf6 2. c4 e6 3. Nf3 Bb4+ 4. Bd2 c5 5. Bxb4 cxb4 6. g3 O-O 7. Bg2 d6 8. O-O
a5 9. a3 Na6 10. Qd3 Re8 11. Nbd2 Bd7 12. e4 e5 13. Rfd1 exd4 14. Qxd4 Ba4 15.
Re1 Bc6 16. Nh4 g6 17. axb4 Nxb4 18. Rac1 Nd7 19. Bf1 Nc5 20. Ng2 Ne6 21. Qe3
Qf6 22. b3 Nd4 23. Qf4 Qxf4 24. Nxf4 a4 25. bxa4 Rxa4 26. Nd5 Ra2 27. Nf6+ Kf8
28. Nxe8 Kxe8 29. Nb1 Nf3+ 30. Kg2 Nxe1+ 31. Rxe1 Nc2 32. Re2 Ra1 33. f3 Nd4 34.
Rb2 f5 35. Bd3 Kd7 36. Kf2 fxe4 37. Bxe4 Bxe4 38. fxe4 Kc6 39. Nc3 Kc5 40. Rxb7
Kxc4 41. Ke3 Re1+ 42. Kd2 Nf3+ 43. Kc2 h5 44. Rc7+ Kd4 45. Rd7 Ke5 46. Re7+ Kf6
47. Nd5+ Kg5 48. Nf4 h4 49. Re6 Ne5 50. Rxd6 Rxe4 51. Nxg6 Nxg6 52. gxh4+ Rxh4
53. Rd5+ Kf6 54. Kc3 Nf4 55. Ra5 Ke6 56. Ra8 Ke5 57. Re8+ Ne6 58. Kd3 Rh3+ 59.
Ke2 Kf5 60. Kf2 Ng5 61. Ra8 Kf4 62. Rf8+ Kg4 63. Rg8 Kf5 64. Rf8+ Ke5 65. Re8+
Ne6 66. Kg2 Rh6 67. h4 Kf4 68. h5 Nd4 69. Rf8+ Nf5 70. Kf2 Rxh5 71. Ke2 Rh3 72.
Kd2 Ke4 73. Re8+ Kd5 74. Rd8+ Nd6 75. Ke2 Ke5 76. Ra8 Nc4 77. Re8+ Kf4 78. Rf8+
Ke4 79. Re8+ Ne5 80. Kd2 Rh7 81. Kc3 Rc7+ 82. Kd2 Rc6 83. Re7 Rc8 84. Re6 Kd5
85. Rh6 Rg8 86. Rh7 Rf8 87. Ke3 Ng4+ 88. Kd2 Rf2+ 89. Kc3 Rf3+ 90. Kd2 Nf6 91.
Rh8 Ra3 92. Rd8+ Ke5 93. Ke2 Ke4 94. Rd6 Ng4 95. Re6+ Ne5 96. Kd2 Ra8 97. Rh6
Nf3+ 98. Kc3 Rc8+ 99. Kb4 Kd5 100. Rh5+ Kd4 101. Kb3 Nd2+ 102. Kb2 Nc4+ 103. Kb3
Rb8+ 104. Ka4 Ne3 105. Rh4+ Kc5 106. Rh5+ Nd5 107. Ka3 Rb1 108. Ka2 Rb5 109. Ka3
Kc4 110. Rh4+ Kd3 111. Rh3+ Ne3 112. Ka4 Rb1 113. Rh8 Kd4 114. Rh4+ Kc5 115.
Rh5+ Nd5 116. Ka3 Rf1 117. Kb3 Rf3+ 118. Kc2 Kc4 119. Rh4+ Nf4 120. Kd2 Kd4 121.
Kc2 Rf1 1/2-1/2

[Event "FIDE Grand Swiss 2019"]
[Site "Douglas"]
[Date "10.10.2019"]
[Round "1.36"]
[White "Hess, Robert"]
[Black "Ponomariov, Ruslan"]
[Result "1/2-1/2"]
[WhiteTitle "GM"]
[BlackTitle "GM"]
[WhiteElo "2581"]
[BlackElo "2675"]
[WhiteFideId "2022036"]
[BlackFideId "14103320"]
[EventDate "2019.10.10"]

1. c4 Nf6 2. Nc3 e5 3. Nf3 Nc6 4. e3 Bb4 5. Qc2 Bxc3 6. bxc3 e4 7. Ng5 Qe7 8. f3
exf3 9. Nxf3 O-O 10. Be2 b6 11. O-O Bb7 12. Nd4 Qe4 13. Qxe4 Nxe4 14. Nb5 Rfc8
15. Rb1 Ne5 16. Rb2 a6 17. Nd4 Re8 18. Nf3 Bc6 19. Nxe5 Rxe5 20. d4 Re7 21. Rb3
d6 22. Bd3 Rae8 23. Ra3 a5 24. Bxe4 Bxe4 25. c5 Bd3 26. cxd6 cxd6 27. Rf2 d5 28.
Rb3 Re6 29. Rbb2 Rc8 30. Bd2 f6 31. h3 h5 32. Kh2 Kf7 33. Kg3 Rc4 34. Kf3 h4 35.
Be1 g5 36. Rb3 Rcc6 37. Rd2 Bc4 38. Rb1 Kg6 39. g3 hxg3 40. Bxg3 b5 41. h4 Re4
42. hxg5 fxg5 43. Rg1 Kf5 44. Rh2 Rf6 45. Be5 Rf7 46. Rg3 Rh4 47. Rxh4 gxh4 48.
Rg1 Rh7 49. a3 h3 50. Rg7 Rh6 51. Rf7+ Ke6 52. Ra7 b4 53. axb4 axb4 54. cxb4 h2
55. Bxh2 Rxh2 56. e4 Rh3+ 57. Kg4 Rb3 58. Kf4 dxe4 59. Kxe4 Rxb4 60. Rh7 Bd5+
61. Kd3 Rb3+ 62. Kc2 Rf3 63. Rh8 Be4+ 64. Kd2 Kd5 65. Rd8+ Kc4 66. Ke2 Ra3 67.
Kf2 Bd5 68. Re8 Kxd4 69. Rd8 Rf3+ 70. Ke2 Rf5 71. Kd2 Rf2+ 72. Ke1 Ra2 73. Kd1
Rh2 74. Kc1 Kc4 75. Kd1 Be4 76. Rd2 Rh3 77. Rd8 Kc3 78. Ke2 Bd3+ 79. Kf2 Kd2 80.
Rd4 Re3 81. Ra4 Re5 82. Kf3 Rb5 1/2-1/2

[Event "FIDE Grand Swiss 2019"]
[Site "Douglas"]
[Date "10.10.2019"]
[Round "1.37"]
[White "Sasikiran, Krishnan"]
[Black "Puranik, Abhimanyu"]
[Result "1/2-1/2"]
[WhiteTitle "GM"]
[BlackTitle "GM"]
[WhiteElo "2675"]
[BlackElo "2571"]
[WhiteFideId "5004985"]
[BlackFideId "5061245"]
[EventDate "2019.10.10"]

1. e4 e5 2. Nf3 Nc6 3. Bb5 a6 4. Ba4 Nf6 5. O-O Bc5 6. c3 O-O 7. d4 Ba7 8. Bg5
h6 9. Bh4 exd4 10. cxd4 d6 11. Bxc6 bxc6 12. Nbd2 Re8 13. Re1 g5 14. Bg3 g4 15.
Bh4 gxf3 16. e5 dxe5 17. Ne4 Nxe4 18. Bxd8 Nxf2 19. Qxf3 Rxd8 20. Qxf2 Bxd4 21.
Re3 Rd6 22. Kh1 Rg6 23. Rd1 Be6 24. Rxd4 exd4 25. Rg3 Bxa2 26. Rxg6+ fxg6 27.
Qxd4 Re8 28. Kg1 Bd5 29. Qd3 Kh7 30. Qxa6 h5 31. Qd3 Re4 32. h3 Rb4 33. Qd2 Rb3
34. Qf2 Rb4 35. Qf6 Re4 36. Kf2 c5 37. Qd8 c6 38. Qc7+ Kh6 39. Qb8 c4 40. Qh8+
Kg5 41. g3 Re6 42. Qd8+ Kh6 43. g4 hxg4 44. hxg4 Kg7 45. Kg3 Re4 46. Qc7+ Kf6
47. Qd6+ Kf7 48. Qb8 Kg7 49. Qd8 Kf7 50. Kf2 Kg7 51. Kg3 Kf7 52. Qd6 Kg7 53. g5
Re3+ 54. Kf2 Re6 55. Qd8 Kf7 56. Kf1 Kg7 57. Qd7+ Kf8 58. Kf2 Kg8 59. Qd8+ Kf7
60. Kf1 1/2-1/2

[Event "FIDE Grand Swiss 2019"]
[Site "Douglas"]
[Date "10.10.2019"]
[Round "1.39"]
[White "Anton Guijarro, David"]
[Black "Gonzalez Vidal, Yuri"]
[Result "1-0"]
[WhiteTitle "GM"]
[BlackTitle "GM"]
[WhiteElo "2674"]
[BlackElo "2552"]
[WhiteFideId "2285525"]
[BlackFideId "3503321"]
[EventDate "2019.10.10"]

1. e4 e5 2. Nf3 Nc6 3. Bb5 a6 4. Ba4 Nf6 5. O-O Be7 6. Re1 b5 7. Bb3 d6 8. c3
O-O 9. h3 Nb8 10. d4 Nbd7 11. Nbd2 Bb7 12. Bc2 Re8 13. Nf1 Bf8 14. Ng3 g6 15. a4
c5 16. d5 c4 17. Bg5 Nc5 18. Qd2 Be7 19. Ra3 Nfd7 20. Be3 Qc7 21. Nh2 h5 22. Qe2
Nf6 23. Nf3 Nh7 24. Rea1 Rab8 25. axb5 axb5 26. Ra7 Ra8 27. Qd1 Nd7 28. b3 cxb3
29. Bd3 b2 30. Rxa8 Rxa8 31. Rxa8+ Bxa8 32. Qb3 Nc5 33. Bxc5 Qxc5 34. Qxb2 h4
35. Nf1 f5 36. exf5 gxf5 37. Bxf5 Bxd5 38. Ne3 Ng5 39. Nxh4 Nxh3+ 40. gxh3 Bxh4
41. Qe2 Bf6 42. Qg4+ Kf7 43. Qg6+ Ke7 44. Bg4 1-0

[Event "FIDE Grand Swiss 2019"]
[Site "Douglas"]
[Date "10.10.2019"]
[Round "1.40"]
[White "Boruchovsky, Avital"]
[Black "Bacrot, Etienne"]
[Result "1/2-1/2"]
[WhiteTitle "GM"]
[BlackTitle "GM"]
[WhiteElo "2533"]
[BlackElo "2671"]
[WhiteFideId "2800055"]
[BlackFideId "605506"]
[EventDate "2019.10.10"]

1. e4 e5 2. Nf3 Nc6 3. Bb5 a6 4. Ba4 Nf6 5. d3 Bc5 6. Nc3 d6 7. Be3 b5 8. Bb3
O-O 9. h3 Bxe3 10. fxe3 Na5 11. O-O c5 12. Bd5 Nxd5 13. Nxd5 Be6 14. Qe1 Nc6 15.
c3 Ne7 16. Nxe7+ Qxe7 17. Qg3 h6 18. Nh4 Qg5 19. Qxg5 hxg5 20. Nf5 Ra7 21. d4
Rd8 22. Rfd1 g6 23. Ng3 Re8 24. a3 Kg7 25. Rd2 Rh8 26. Nh1 g4 27. dxc5 dxc5 28.
hxg4 Bxg4 29. Rd5 Rc8 30. Nf2 Be6 31. Rd6 c4 32. Rad1 Rb8 33. Nh3 Bxh3 34. gxh3
Rh8 35. Kg2 Rh4 36. Rd7 Rxd7 37. Rxd7 Rxe4 38. Kf3 Rh4 39. Kg3 Re4 40. Kf3 Rh4
41. Kg3 Rh5 42. e4 Rh8 43. Rd6 Ra8 44. Kg4 Ra7 45. h4 f6 46. Kf3 Kf7 47. Kg4 Kg7
48. Kf3 1/2-1/2

[Event "FIDE Grand Swiss 2019"]
[Site "Douglas"]
[Date "10.10.2019"]
[Round "1.41"]
[White "Cheparinov, Ivan"]
[Black "Baron, Tal"]
[Result "1-0"]
[WhiteTitle "GM"]
[BlackTitle "GM"]
[WhiteElo "2670"]
[BlackElo "2531"]
[WhiteFideId "2905540"]
[BlackFideId "2809958"]
[EventDate "2019.10.10"]

1. d4 Nf6 2. c4 g6 3. f3 Bg7 4. e4 d6 5. Nc3 O-O 6. Nge2 c5 7. d5 e6 8. Ng3 exd5
9. cxd5 a6 10. a4 Nbd7 11. Be2 Rb8 12. Bf4 Ne8 13. Qd2 Qe7 14. O-O Nc7 15. Rab1
b5 16. b4 cxb4 17. Rxb4 a5 18. Nxb5 axb4 19. Bxd6 Bc3 20. Qd1 Qg5 21. Bxc7 Qe3+
22. Kh1 Ra8 23. f4 Ba6 24. e5 h5 25. Rf3 Qd2 26. Qxd2 Bxd2 27. Ne4 Rfc8 28. d6
Bc1 29. Rf1 Be3 30. Bc4 Kg7 31. e6 Nb6 32. d7 Nxc4 33. e7 Bxb5 34. axb5 Rxc7 35.
d8=Q Rcc8 36. Qd5 1-0

[Event "FIDE Grand Swiss 2019"]
[Site "Douglas"]
[Date "10.10.2019"]
[Round "1.42"]
[White "Gukesh, D"]
[Black "Leko, Peter"]
[Result "1/2-1/2"]
[WhiteTitle "GM"]
[BlackTitle "GM"]
[WhiteElo "2520"]
[BlackElo "2670"]
[WhiteFideId "46616543"]
[BlackFideId "703303"]
[EventDate "2019.10.10"]

1. e4 e5 2. Nf3 Nc6 3. Bb5 Nf6 4. O-O Nxe4 5. Re1 Nd6 6. Nxe5 Be7 7. Bf1 Nxe5 8.
Rxe5 O-O 9. d4 Bf6 10. Re1 Re8 11. Bf4 Rxe1 12. Qxe1 Ne8 13. Nc3 Bxd4 14. Nd5 d6
15. Bg5 f6 16. Bh4 g5 17. Qe4 Bxb2 18. Re1 Be5 19. f4 gxh4 20. fxe5 dxe5 21. Bd3
Bf5 22. Qxf5 Qxd5 23. Qxh7+ Kf8 24. Qh6+ Ke7 25. Qh7+ Kf8 26. Qh6+ Ke7 27. Qh7+
Kf8 1/2-1/2

[Event "FIDE Grand Swiss 2019"]
[Site "Douglas"]
[Date "10.10.2019"]
[Round "1.43"]
[White "Robson, Ray"]
[Black "Bjerre, Jonas Buhl"]
[Result "1/2-1/2"]
[WhiteTitle "GM"]
[BlackTitle "IM"]
[WhiteElo "2670"]
[BlackElo "2506"]
[WhiteFideId "2023970"]
[BlackFideId "1444948"]
[EventDate "2019.10.10"]

1. e4 c5 2. Nf3 d6 3. d4 cxd4 4. Nxd4 Nf6 5. Nc3 a6 6. Be3 e5 7. Nb3 Be6 8. f3
h5 9. Qd2 Nbd7 10. Nd5 Bxd5 11. exd5 g6 12. O-O-O Nb6 13. Kb1 Nfxd5 14. Bg1 Nf6
15. g4 Qc7 16. g5 Nfd7 17. Bh3 Nc4 18. Qe2 Ndb6 19. f4 Be7 20. Bxb6 Nxb6 21.
fxe5 dxe5 22. Rhe1 Bd6 23. c4 Nxc4 24. Rxd6 Qxd6 25. Qxc4 O-O 26. Nc5 Qd2 27.
Qc3 Rfd8 28. Ne4 Qxc3 29. bxc3 Kg7 30. Kc2 Rd5 31. Rb1 Ra5 32. Rxb7 Rxa2+ 33.
Kb3 Rxh2 34. Be6 Rf8 35. Bc4 h4 36. Nc5 Rf2 37. Ne6+ Kg8 38. Nxf8 Kxf8 39. Bxa6
h3 40. Kc4 Ra2 41. Rb8+ Kg7 42. Bc8 h2 43. Rb1 Ra4+ 44. Kd5 Ra5+ 45. Kd6 Ra4 46.
Kc5 Ra5+ 47. Kb4 Ra2 48. Bb7 f5 49. gxf6+ Kxf6 50. c4 g5 51. c5 g4 52. Kb3 Ra5
53. Kc4 g3 54. Rb3 1/2-1/2

[Event "FIDE Grand Swiss 2019"]
[Site "Douglas"]
[Date "10.10.2019"]
[Round "1.44"]
[White "Keymer, Vincent"]
[Black "Kryvoruchko, Yuriy"]
[Result "1/2-1/2"]
[WhiteTitle "IM"]
[BlackTitle "GM"]
[WhiteElo "2506"]
[BlackElo "2669"]
[WhiteFideId "12940690"]
[BlackFideId "14109182"]
[EventDate "2019.10.10"]

1. d4 Nf6 2. c4 e6 3. Nf3 d5 4. Nc3 Be7 5. Bf4 O-O 6. e3 Nbd7 7. a3 c5 8. cxd5
Nxd5 9. Nxd5 exd5 10. dxc5 Nxc5 11. Be5 Bf6 12. Bxf6 Qxf6 13. Qd4 Qe7 14. Rd1
Rd8 15. Be2 Bf5 16. Qh4 Qxh4 17. Nxh4 Be6 18. Nf3 Rac8 19. Nd4 Bd7 20. Rb1 Ne6
21. Kd2 Nxd4 22. exd4 Kf8 23. Bd3 Ke7 24. Rbe1+ Kd6 25. h4 Re8 26. Rxe8 Rxe8 27.
h5 h6 28. f3 Re7 29. Rh4 f6 30. Rh1 Be8 31. g4 Rc7 32. Re1 Re7 33. Rxe7 Kxe7 34.
Ke3 Ba4 35. Bf5 b6 36. Kf4 Bd1 37. Bc8 Bc2 38. Bf5 1/2-1/2

[Event "FIDE Grand Swiss 2019"]
[Site "Douglas"]
[Date "10.10.2019"]
[Round "1.45"]
[White "Berkes, Ferenc"]
[Black "Harika, Dronavalli"]
[Result "1/2-1/2"]
[WhiteTitle "GM"]
[BlackTitle "GM"]
[WhiteElo "2667"]
[BlackElo "2495"]
[WhiteFideId "718572"]
[BlackFideId "5015197"]
[EventDate "2019.10.10"]

1. d4 d5 2. Nf3 Nf6 3. g3 e6 4. Bg2 Be7 5. O-O O-O 6. c4 dxc4 7. Qc2 c6 8. Qxc4
b5 9. Qd3 Bb7 10. Bg5 Nbd7 11. Nbd2 a6 12. Ne5 Nxe5 13. dxe5 Nd5 14. Bxe7 Qxe7
15. Ne4 c5 16. Nd6 Bc6 17. b3 f6 18. Qc2 fxe5 19. Qxc5 Rad8 20. Ne4 Bb7 21. Rac1
h6 22. a3 Ba8 23. Qxe7 Nxe7 24. e3 Bxe4 25. Bxe4 Rd2 26. b4 Ra2 27. h4 Rxa3 28.
Ra1 Rb3 29. Rxa6 Rxb4 30. Rxe6 Rxe4 31. Rxe7 Rf7 32. Re8+ Kh7 33. Rd1 Rc4 34.
Rdd8 Rf5 35. Rd2 h5 36. Rb8 e4 37. Rb2 Rcc5 38. Rb6 Rfd5 39. Kg2 Rf5 40. Re6
Rfe5 41. Rb6 Rf5 42. Rd2 Rf6 43. Rb7 Rff5 44. Re7 Rc4 45. Rb2 Kh6 46. Re6+ Kh7
47. Rd6 Re5 48. Rd7 Kh6 49. Rd8 Kh7 50. Rd6 Rc7 51. Rb6 Rcc5 52. Rb7 Rf5 53. Rd2
Kh6 54. Re7 Rc4 55. Ra2 Rb4 56. Rc2 Ra4 57. Rb7 Rb4 58. Re7 Ra4 59. Rec7 Rb4 60.
Ra7 Ra4 61. Rac7 Rb4 62. R7c6+ Kh7 63. Re6 Ra4 64. Re8 Rb4 65. Kh3 Kh6 66. Re7
Ra4 67. Kg2 Rb4 68. Kh3 Ra4 69. Rb7 Rb4 70. Rbc7 Kh7 71. Kg2 Kh6 72. Rd2 Ra4 73.
Rb2 Rc4 74. Rb7 Rcc5 75. Rd7 Rfe5 76. Rd4 Rc7 77. Rbb4 Rb7 78. Kf1 Kg6 79. Ke2
Kf5 80. Rd8 Rc7 81. Rf8+ Kg6 82. Rf4 Rce7 83. Rd4 R7e6 84. Ke1 Re7 85. Kf1 R7e6
86. Ke2 Re7 87. Ke1 R7e6 88. Kf1 Re7 89. Kg2 R7e6 90. Rf8 Rc5 91. Rb4 Rd5 92.
Rf4 Rde5 93. Rf8 Rd5 94. Rb8 Rd2 95. Rf8 Rd5 1/2-1/2